Špargľa - exkluzívna zelenina

Podrobná bibliografia
Hlavný autor: Čejková, Daša, 1966- (Autor)
Médium: Článok
Jazyk:slovenčina
Fyzický popis:Fotogr.
ISSN:1335-0919
Predmet:

MARC

LEADER 00000nab a2200000 a 4500
001 vtls010118500
003 SK-MaSNL
005 20260304161930.0
008 250507c2010 xo mr|p||| |000 b|slo
015 |a SNBRB2010/07 
035 |a (sysno)vtls010118500 
035 |a urn:nbn:sk:snk-ab6zo8 
035 |a (uuid)3ca3ffe4-f79d-4485-a606-429fbf464ec3 
035 |a (urnnbn)urn:nbn:sk:snk:ar-a06d22 
038 |a SPK 
040 |a SNKBUCL  |b slo  |c SNKBUCL  |e AACR2 
041 0 |a slo 
044 |a xo  |c SK 
072 7 |a 613  |x Hygiena. Ľudské zdravie  |2 konspekt 
072 7 |a 635  |x Záhradkárstvo  |2 konspekt 
080 |a 613/614  |2 2001 
080 |a 635.31  |2 2001 
100 1 |a Čejková, Daša,  |d 1966-  |4 aut  |9 104619 
245 1 0 |a Špargľa - exkluzívna zelenina  |c Daša Čejková 
300 |b Fotogr. 
650 0 7 |a zdravie  |2 snkbucl  |9 16322 
650 0 7 |a potraviny rastlinného pôvodu  |2 snkbucl  |9 18764 
650 0 7 |a špargľa  |2 snkbucl  |9 2716 
650 0 7 |a nutričná hodnota potravín  |2 snkbucl  |9 68648 
773 0 |t Dieťa nielen pre rodičov  |g Roč. XVI, č. 5 (2010), s. [81]  |x 1335-0919 
850 |a Slovenská národná knižnica 
852 |a Slovenská národná knižnica 
856 4 1 |a www.dieta.sk 
954 |a odborná, vedecká literatúra pôvodná (slovenská)  |2 lita 
958 |a article27 
958 |a OND 
958 |a EUIPO 
999 |c 2972829  |d 2974759